Una posibilidad de rastreo de los orígenes de la metalurgia del estaño en España (Record no. 12220)

MARC details
000 -LEADER
campo de control de longitud fija 01035nam a22002655i 4500
001 - NÚMERO DE CONTROL
campo de control 12220
003 - IDENTIFICADOR DE NÚMERO DE CONTROL
campo de control ES-MaACL
005 - FECHA Y HORA DE LA ÚLTIMA TRANSACCIÓN
campo de control 20230906150251.0
007 - CAMPO FIJO DE DESCRIPCIÓN FÍSICA--INFORMACIÓN GENERAL
campo de control de longitud fija t|
008 - DATOS DE LONGITUD FIJA--INFORMACIÓN GENERAL
campo de control de longitud fija 950706s1994 sp ||||0| spa j
020 ## - NÚMERO INTERNACIONAL ESTÁNDAR DEL LIBRO
Número Internacional Estándar del Libro 84-7492-666-1
040 ## - FUENTE DE CATALOGACIÓN
Centro catalogador/agencia de origen M-BN
Lengua de catalogación spa
Centro/agencia transcriptor M-BN
080 ## - NÚMERO DE LA CLASIFICACIÓN DECIMAL UNIVERSAL
Número de la Clasificación Decimal Universal 669.6(460.11)(091)
080 ## - NÚMERO DE LA CLASIFICACIÓN DECIMAL UNIVERSAL
Número de la Clasificación Decimal Universal 903.27(460.11)
100 1# - ENTRADA PRINCIPAL--NOMBRE DE PERSONA
Nombre de persona Madroñero de la Cal, A.
9 (RLIN) 75369
245 14 - MENCIÓN DEL TÍTULO
Título Una posibilidad de rastreo de los orígenes de la metalurgia del estaño en España
Resto del título : interpretación de los petroglifos gallegos desde la explotación y el comercio del estaño antiguo /
Mención de responsabilidad, etc. Antonio Madroñero de la Cal.
260 ## - PUBLICACIÓN, DISTRIBUCIÓN, ETC.
Lugar de publicación, distribución, etc. Sada, A Coruña :
Nombre del editor, distribuidor, etc. Ediciós do Castro,
Fecha de publicación, distribución, etc. D.L. 1994.
300 ## - DESCRIPCIÓN FÍSICA
Extensión 75, [62] p. de lám ;
Dimensiones 24 cm.
490 1# - MENCIÓN DE SERIE
Mención de serie Cadernos do Seminario de Sargadelos ;
Designación de volumen o secuencia 64
650 #4 - PUNTO DE ACCESO ADICIONAL DE MATERIA--TÉRMINO DE MATERIA
Término de materia o nombre geográfico como elemento de entrada Estaño-
Subdivisión general Metalurgia-
Subdivisión geográfica Galicia-
Subdivisión de forma Historia.
9 (RLIN) 12531
650 14 - PUNTO DE ACCESO ADICIONAL DE MATERIA--TÉRMINO DE MATERIA
Término de materia o nombre geográfico como elemento de entrada Petroglifos-
Subdivisión geográfica Galicia.
9 (RLIN) 15987
830 0# - PUNTO DE ACCESO ADICIONAL DE SERIE-TÍTULO UNIFORME
Título uniforme Cadernos do Seminario de Sargadelos ;
Designación de volumen o secuencia 64
9 (RLIN) 180514
852 ## - LOCALIZACIÓN
Ubicación ES-MaACL
Número de control de estantería L-19567
Sublocalización o colección R.123762
Holdings
Estatus retirado Estado de pérdida Estado de daño No para préstamo Biblioteca de origen Biblioteca actual Ubicación en estantería Fecha de adquisición Fuente de adquisición Total de préstamos Signatura topográfica completa Código de barras Visto por última vez Precio de reemplazo Tipo de ítem Koha
        Biblioteca del Ateneo de Madrid Biblioteca del Ateneo de Madrid Depósito 2 17/01/2008     L-19567 1012452 23/02/2023 23/02/2023 Libro impreso